Miraculous ou Code Lyoko - Statistiques

Statistiques générales
  • Ce quiz a été pris 832 fois
  • Le résultat moyen est 24 sur 30
Statistiques - réponses
Hint Réponse % Correct
Marinette Dupain-Cheng Miraculous
92%
Ulrich Stern Code Lyoko
91%
Adrien Agreste Miraculous
89%
Odd Della Robbia Code Lyoko
88%
Franz Hopper Code Lyoko
88%
Aelita Stones Code Lyoko
87%
Lila Rossi Miraculous
86%
Nino Lahiffe Miraculous
86%
Alya Césaire Miraculous
86%
Yumi Ishiyama Code Lyoko
85%
William Dunbar Code Lyoko
84%
Zoé Lee Miraculous
84%
Kagami Tsurugi Miraculous
84%
Suzanne Hertz Code Lyoko
82%
Jérémie Belpois Code Lyoko
82%
Manon Chamack Miraculous
82%
Rose Lavillant Miraculous
82%
Alix Kudbel Miraculous
81%
Jim Moralès Code Lyoko
80%
Elisabeth Delmas Code Lyoko
78%
Nathaniel Kurtzberg Miraculous
78%
Milly Solovieff Code Lyoko
77%
Nicolas Poliakoff Code Lyoko
75%
Tamiya Diop Code Lyoko
75%
Denis Damoclès Miraculous
72%
Hervé Pichon Code Lyoko
71%
Samantha Knight Code Lyoko
67%
Bob Roth Miraculous
66%
Xavier Ramier Miraculous
65%
Jacques Grimault Miraculous
48%
Aucun quiz correspondant
Distribution des résultats
% des personnes avec chaque résultat
Percentile par nombre de réponses
Votre historique - résultats
Vous n’avez pas pris ce quiz